000
00293nam a22001337a 4500
003
SGT
020
_a
81-8061-657-6
082
_a
616.075
_b
L06M
100
_a
MEHDI, S.R.
245
_a
LABORATORY PROCEDURES IN HEMATOLOGY
260
_a
INDIA
_b
JAYPEE
_c
2006
300
_a
96
942
_2
ddc
_c
BK
999
_c
15871
_d
15871